Načítá se...

Remittances of Indian migrants to the Middle East : An assessment with special reference to migrants from Kerala State /

Podrobná bibliografie
Hlavní autor: Gulati, I. S.
Další autoři: Mody, Ashoka
Médium: Printed Book
Jazyk:Undetermined
Vydáno: Trivandrum: CDS, 1983.
Edice:CDS Working Paper No.182
LEADER 00621nam a2200169Ia 4500
008 100907s9999 xx 000 0 und d
999 |c 314376  |d 314376 
082 |2 325.254 
100 |a Gulati, I. S. 
245 |a Remittances of Indian migrants to the Middle East :  |b An assessment with special reference to migrants from Kerala State / 
260 |b CDS,  |a Trivandrum:  |c 1983. 
300 |a 78 p. 
490 |a CDS Working Paper No.182  
500 |a Gift 
700 |a Mody, Ashoka. 
942 |c REF 
952 |0 0  |1 0  |2 ddc  |4 0  |6 325_540000000000000_GUL_R  |7 0  |9 360476  |a ECN  |b ECN  |c REF  |d 2010-09-07  |i 4886  |l 0  |o 325.54 GUL/R  |p ECN4886  |r 2010-09-07  |y REF